01233nab a2200229 i 4500001000400000003000400004005001700008008003900025040000800064080001200072100012700084245017800211260001000389500002100399520030500420650003700725650001400762773016800776942000800944999001500952952003600967BPPBPK20160604115517.0160112s1976 pl n f |000 0pol cBPK a796.012 aWOJCIECHOWSKI, Leszek.d1968 - 1996.bWyższa Szkoła Inżynierska w Koszalinie - Studium Wychowania Fizycznego i Sportu aKształtowanie się podstawowych cech rozwoju fizycznego studentów Wyższej Szkoły Inżynierskiej w aspekcie wydziałów w latach 1968 - 1973 /cLeszek Wojciechowski. c1976. aDane z autopsji. aW opracowaniu opisano jak kształtuje rozwój fizyczny u studentów rozpoczynających studia na Wydziałach Budownictwa Lądowego i Mechanicznego. Ogółem zbadano 737 studentów. Zebrany materiał opracowano metodą statystyczną, obliczając średnią arytmetyczną i ich uzupełnienia. 0aMłodzież - rozwój fizyczny. 0aStudenci. iW :tZeszyty Naukowe Wyższej Szkoły Inżynierskiej w Koszalinie. Prace Studiów Wychowania Fizycznego i Sportu Uczelni Technicznych. -g1976, nr 4, s. 177-181 cART c5181d5181 00104070aBPKbBPKo0153yART